000 00719nam a2200205Ii 4500
003 JO-AjNU
008 230605s9999||||xx |||||||||||||| ||und||
040 _aJO-AjNU
_bara
_erda
_cJO-AjNU
041 _aara
050 1 4 _aLB41.1983
100 3 _aخوري،أنطوان ج,
_eauthor
_916704
245 0 0 _aوعي الوعي او الحكم المسبق والمسالة التربوية:نصوص فلسفية عربية
250 _aط1
264 3 1 _aبيروت: لبنان،معهد الإنماء العربي،1983
300 _a184ص
336 _atext
_btxt
_2rdacontent
337 _aunmediated
_bn
_2rdamedia
338 _avolume
_bnc
_2rdacarrier
650 4 _aالتربية و التعليم-فلسفة
_916705
999 _aA5009
_c8577
_d8577